000 00399nam a2200157Ia 4500
005 20250508160707.0
008 008 250505s9999 xx 000 0 eng d
037 _aReference
040 _aFEDL
_beng
_cFEDL
041 _aeng
_2eng
084 _a420.7, IND
_qFEDL
245 0 _aStudy of english in India
300 _a270p.
942 _cREF
_h420.7, IND
999 _c1366074
_d1366074